| 000 | 00684nam a2200241 i 4500 | ||
|---|---|---|---|
| 001 | 16641 | ||
| 003 | ES-MaACL | ||
| 005 | 20230906151351.0 | ||
| 007 | t| | ||
| 008 | 001020s1999 sp ||||0| spa j | ||
| 020 | _a84-89854-68-8 | ||
| 040 |
_aM-BN _bspa _cM-BN |
||
| 080 | _a821.134.2(728.7)-31"19" | ||
| 100 | 1 |
_aPulido Ritter, Luis. _994377 |
|
| 245 | 1 | 0 |
_aSueño americano / _cLuis Pulido Ritter. |
| 250 | _a1ª ed. | ||
| 260 |
_aBarcelona : _bEdiciones del Bronce, _c1999. |
||
| 300 |
_a246 p. ; _c21 cm. |
||
| 490 | 1 |
_aCuadernos del Bronce ; _v47 |
|
| 830 | 0 |
_aCuadernos del Bronce ; _v47 _9180459 |
|
| 852 |
_aES-MaACL _jL-23809 _bR.128191 |
||
| 999 |
_c16641 _d16641 |
||